Toutes les nations des pilotes de Formule 1 - Statistiques

Statistiques générales
  • Ce quiz a été pris 60 fois
  • Le résultat moyen est 26 sur 38
Statistiques - réponses
Nombre de pilotes Dernière participation Nation % Correct
72 Pierre Gasly, Isack Hadjar, Esteban Ocon (2025) France
98%
146 Oliver Bearman, Lewis Hamilton,Lando Norris, George Russel (2025) Royaume-Uni
98%
48 Nico Hulkenberg (2025) Allemagne
96%
153 Logan Sargeant (2024) Etats-Unis
96%
16 Max Verstappen (2025) Pays-Bas
96%
18 Yuki Tsunoda (2025) Japon
94%
13 Fernando Alonso, Carlos Sainz (2025) Espagne
93%
84 Kimi Antonelli (2025) Italie
93%
3 Charles Leclerc (2025) Monaco
93%
32 Gabriel Bortoleto (2025) Brésil
91%
6 Sergio Perez (2024) Mexique
91%
1 Guanyu Zhou (2024) Chine
89%
23 Franco Colapinto (2025) Argentine
87%
15 Oscar Piastri (2025) Australie
87%
13 Lance Stroll (2025) Canada
87%
4 Kevin Magnussen (2024) Danemark
85%
8 Valtteri Botas (2024) Finlande
85%
4 Nikita Mazepin (2021) Russie
80%
10 Marcus Ericsson (2018) Suède
78%
2 Alexander Albon (2025) Thaïlande
78%
10 Liam Lawson (2025) Nouvelle-Zélande
76%
20 Stoffel Vandoorne (2018) Belgique
74%
1 Robert Kubica (2021) Pologne
72%
22 Sébastien Buemi (2011) Suisse
72%
2 Juan-Pablo Montoya (2006) Colombie
63%
3 Pastor Maldonado (2015) Vénézuela
59%
14 Christian Klien (2010) Autriche
54%
17 Jody David Scheckter (1980) Afrique du Sud
52%
3 Tiago Monteiro (2006) Portugal
52%
2 Narain Karthikeyan (2012) Inde
43%
3 Oscar Gonzalez, Alberto Uria (1956) Uruguay
37%
1 Zsolt Baumgartner (2004) Hongrie
35%
1 Rio Haryanto (2016) Indonésie
33%
4 Ralph Firman (2003) Irlande
26%
1 Eliseo Salazar (1983) Chili
24%
1 Rikky von Opel (1974) Liechtenstein
22%
1 Alex Yoong (2002) Malaisie
22%
1 Tomas Enge (2001) Tchéquie
20%
Aucun quiz correspondant
Distribution des résultats
% des personnes avec chaque résultat
Percentile par nombre de réponses
Votre historique - résultats
Vous n’avez pas pris ce quiz